00603nam a2200181 a 450000100060000000300090000600800410001502000150005604000280007108200200009910000250011924501210014426000520026530000080031765000310032565000270035665000380038314066CO-ViMGA141112s2004 ck r 000 u spa d a9586004465 aCO-ViMGAbspacCO-ViMGA04aMEVIECAR.4 M3531 aMendez A., Carlos E.10aMetodologia : bguia para elaborar diseños de Investigación en ciencias economicas, contables y administrativas. aSantafé de Bogotá : bMcgraw - Hill, c1995 a17014aInvestigación CIENTIFICA14aMETODOLOGIA CIENTIFICA14aMETODOLOGIA DE LA Investigación